01511nam a22002537a 450000500170000000800410001702000150005804000250007305000160009808200240011410000280013824500570016626000440022330000410026750000500030850506970035865000300105565000460108565000570113165000160118870000240120494200120122899900170124020230823161136.0230823b ||||| |||| 00| 0 eng d a0273646095 aWIUC - GHcWIUC - GH aHD30.22.N45 2dc21a338.5'024'658 aNellis, Joseph G.92271 aPrinciples of business economics /cJoseph G. Nellis aHarlow, EnglandbFT Prentice Hallc2002 axviii, 395 p:bills, glossary, index aIncludes bibliographical references and index aContents: Business economics: an overview -- The analysis of consumer demand -- The analysis of production costs -- Analysis of the firm's supply decision -- Demand, supply and price determination -- Analysis of perfectly competitive markets -- Analysis of monopoly markets -- Analysis of monopolistically competitive markets -- Oligopoly -- Managerial objectives and the firm -- Understanding competitive strategy -- Understanding pricing strategies -- Understanding the market for labour -- Understanding the market for capital -- Understanding the market for natural resources -- Government and business -- Business and economic forecasting -- Business economics - a checklist for managers aManagerial economics9749 aI. Parker, David, 1949 Sept.28- II 92272 aNellis J.G. Essence of business economics. III92273 aTitle92274 aParker, David92213 2lcccBK c10006d17506